| 000 | 00488nam a2200157Ia 4500 | ||
|---|---|---|---|
| 008 | 170221s9999 xx 000 0 und d | ||
| 100 | _aBiset Ayalew Nigatu | ||
| 245 | _aMedia Preferences and Perceptions: The Case of Bahir Dar University Instructors | ||
| 245 | _cBiset Ayalew Nigatu | ||
| 260 | _bOnline Journal of Communication and Media Technologies | ||
| 260 | _c2016 | ||
| 300 | _a6 : 1 | ||
| 650 | _xCommunication | ||
| 650 | _xMedia Arts | ||
| 856 | _uhttp://www.ojcmt.net/ | ||
| 999 |
_c306843 _d306843 |
||